000 00378nam a2200145Ia 4500
005 20251222144831.0
008 251222s9999||||xx |||||||||||||| ||spa||
020 _a9786587101744
082 _a658.408/Y49
100 _aYepes López, Gustavo
245 0 _aResponsabilidad Social Empresarial
250 _a1ra.ed.
264 _bUniversidad Externado de Colombia
942 _cLIB
999 _c20860
_d20860